Toutes les communes de la vallée d'Aoste sur une carte - Statistiques

Statistiques générales
  • Ce quiz a été pris 19 fois
  • Le résultat moyen est 14 sur 74
Réponses sur la Carte
Les réponses sont colorées sur une échelle allant du rouge au vert en fonction du pourcentage des utilisateurs qui les ont devinées à leur premier essai. Vous pouvez retrouver ces pourcentages ci-dessous.
 
Statistiques - réponses
Commune Population (2024) % Correct
Aoste 33 176
94%
Courmayeur 2 608
76%
Pont-Saint-Martin 3 535
53%
Gressoney-Saint-Jean 761
41%
Bard 102
29%
La Thuile 774
29%
Pré-Saint-Didier 958
29%
Saint-Pierre 3 295
29%
Antey-Saint-André 565
24%
Châtillon 4 366
24%
Fénis 1 764
24%
La Salle 2 031
24%
Morgex 2 057
24%
Nus 2 953
24%
Saint-Marcel 1 327
24%
Saint-Rhémy-en-Bosses 334
24%
Saint-Vincent 4 455
24%
Valtournenche 2 172
24%
Ayas 1 368
18%
Challand-Saint-Anselme 741
18%
Challand-Saint-Victor 544
18%
Chambave 869
18%
Chamois 108
18%
Champdepraz 726
18%
Charvensod 2 421
18%
Émarèse 224
18%
Gressoney-La-Trinité 324
18%
Introd 651
18%
Ollomont 165
18%
Pollein 1 493
18%
Pontey 778
18%
Quart 4 127
18%
Rhêmes-Notre-Dame 76
18%
Rhêmes-Saint-Georges 163
18%
Saint-Denis 367
18%
Saint-Nicolas 334
18%
Sarre 4 794
18%
Valgrisenche 188
18%
Verrès 2 513
18%
Allein 208
12%
Arnad 1 234
12%
Arvier 806
12%
Avise 302
12%
Aymavilles 2 104
12%
Bionaz 222
12%
Brissogne 952
12%
Brusson 813
12%
Champorcher 367
12%
Cogne 1 313
12%
Donnas 2 394
12%
Doues 502
12%
Étroubles 481
12%
Fontainemore 431
12%
Gaby 418
12%
Gignod 1 683
12%
Gressan 3 374
12%
Hône 1 160
12%
Issime 384
12%
Issogne 1 292
12%
Jovençan 715
12%
Lillianes 413
12%
Montjovet 1 751
12%
Oyace 202
12%
Perloz 446
12%
Pontboset 171
12%
Roisan 1 016
12%
Saint-Christophe 3 495
12%
Saint-Oyen 194
12%
Torgnon 559
12%
Valpelline 591
12%
Valsavarenche 153
12%
Verrayes 1 280
12%
Villeneuve 1 285
12%
La Magdelaine 100
6%
Aucun quiz correspondant
Distribution des résultats
% des personnes avec chaque résultat
Percentile par nombre de réponses
Votre historique - résultats
Vous n’avez pas pris ce quiz